Normal view
MARC view
- ELECTRODYNAMICS.MECHANICS
Entry Topical Term
001 - CONTROL NUMBER
- control field: 65692
003 - CONTROL NUMBER IDENTIFIER
- control field: NUST
005 - DATE AND TIME OF LATEST TRANSACTION
- control field: 20210628203457.0
008 - FIXED-LENGTH DATA ELEMENTS
- fixed length control field: 210628|| aca||aabn | a|a d
040 ## - CATALOGING SOURCE
- Original cataloging agency: NUST
- Transcribing agency: NUST
150 ## - HEADING--TOPICAL TERM
- Topical term or geographic name entry element: ELECTRODYNAMICS.MECHANICS
670 ## - SOURCE DATA FOUND
- Source citation: Work cat.: (NUST): Lal, Brij, Subrahmanyam, N, Seshan, Jivan 65691, Mechanics and electrodynamics, 2008
